000 00663nam a2200205Ia 4500
008 191130s2009##################000#0#eng##
020 _a9781844079957
040 _aACL
_cACL
082 _a363.70526 YEA
245 _ayearbook of international cooperation on environment and development 1999/2000
_cedited by Helge Ole Bergesen, Georg Parmann and Oystein B. Thommessen
260 _aLondon
_bEarthscan
_c2009
300 _a374 p
650 _aInternational development
700 _aBergesen, Helge Ole
700 _aParmann, Georg
700 _aThommessen, Oystein B
990 _a6c497429ac10000c5a8ea9d279f5be94
991 _a183671
999 _c90675
_d90675